00625nam a2200157 a 450000100100000000500170001000800410002702000170006804000250008510000390011024500600014926000940020930000210030350000730032450000700039700004602220240228125930.0150611s2014 dr 001 0 spa d a978993469193 aDO-SdBNPbspacBNPHU1 aFornerín, Miguel Ángel,d1960-13aLa escritura de Pedro Mir /cMiguel Ángel Fornerín. aSan Juan, Puerto Rico, :bCentro de Estudios Avanzados de Puerto Rico y el Caribe,c2014. a348 p. ;c23 cm. aIncluye referencias bibliográficas y notas al pie de las páginas aIncluye datos biografícos del autor en la solapa de la cubierta